Loading...
Chithrasala
| Main Author: | |
|---|---|
| Format: | Printed Book |
| Language: | Malayalam |
| Published: |
Trivandrum
Ulloor Publishers
1968
|
| LEADER | 00435nam a2200121Ia 4500 | ||
|---|---|---|---|
| 008 | 111205s9999 xx 000 0 mal d | ||
| 100 | |a Parameswarayyar ,Ulloor. S. | ||
| 245 | |a Chithrasala |c Parameswarayyar ,Ulloor. S. | ||
| 260 | |b Ulloor Publishers |a Trivandrum |c 1968 | ||
| 300 | |a 41 | ||
| 942 | |c BK | ||
| 999 | |c 223481 |d 223481 | ||
| 952 | |0 0 |1 0 |4 0 |6 S_5R1 |7 0 |9 246754 |a MAL |b MAL |c SEC |d 2011-12-05 |g 0.00 |l 0 |o S5R1 |p MAL13719 |r 2015-04-13 |v 0.00 |w 2015-04-13 |y BK |k 1.00 | ||